| 000 | 00385nam a2200157Ia 4500 | ||
|---|---|---|---|
| 005 | 20241213020742.0 | ||
| 008 | 240331s9999 xx 000 0 und d | ||
| 082 |
_bGUN _a823 |
||
| 100 | _aGunaratne, E.H | ||
| 245 | 4 | _aThe song of freedom | |
| 250 | _a2nd | ||
| 260 |
_aLondon _b Lowe and Brydone Printers Limited _c1947 |
||
| 300 | _a115 P ., | ||
| 650 | _aShort Stories | ||
| 942 | _cL | ||
| 999 |
_c3355 _d3355 |
||